000 00232nam a2200097Ia 4500
008 120527s9999 xx 000 0 und d
100 _aDOLCIAN,P.Mary.
245 _aModern algebra and trogonometry.
260 _bHougton
942 _cBK
999 _c24025
_d24025